000 00866cab a2200277 4500
001 ABS49218
008 090401t1993 xxu||||| |||| 00| 0 eng d
035 _a(Sirsi) u70381
041 _aeng
100 _aElson, M.J.
245 _aNegotiating for sport and recreation using planning obligations
260 _c1993
350 _a0
490 _aThe Planner
_v79(8) August 1993, 17-18(2)
520 _aExamines the importance of planning obligation for recreation provision and proposes an appropriate strategy for local authorities to adopt.
650 _aDOE CIRCULAR 16/1991
650 _aLOCAL DEVELOPMENT PLANS
650 _aPLANNING OBLIGATIONS
650 _aPLANNING POLICY GUIDANCE NOTE 17
650 _aPPG17
650 _aSPORT
650 _aSPORTS COUNCIL
690 _aPLANNING LAW AND PRACTICE
942 _n0
948 _c04/03/1997
999 _c44256
_d44256